Statistics for Literature by Letter - D

Click here to take the quiz!

General Stats

  • This quiz has been taken 13,321 times
  • The average score is 14 of 20

Answer Stats

HintAnswer% Correct
What Anne Frank was famous for writingDiary
98%
The original blood-sucking vampire bookDracula
97%
She visited the Wizard of OzDorothy
96%
Author of "A Tale of Two Cities" and "Oliver Twist"Charles Dickens
95%
Lines spoken between charactersDialogue
94%
Author of "Inferno", "Purgatorio", and "Paradiso"Dante
88%
Oscar Wilde character whose portrait aged while he did not{Dorian} Gray
88%
Opposite of a utopia; very popular in 2000s young adult literatureDystopia
86%
British author of "James and the Giant Peach" and "Matilda"Roald Dahl
79%
Elizabeth Bennet's love interest in "Pride & Prejudice"Mr. Darcy
72%
Greek god of wine, pleasure, and theatreDionysus
66%
Unrealistic resolution to a seemingly hopeless situation{Deus} ex Machina
65%
City in which James Joyce's "Ulysses" is setDublin
65%
Cervantes's most famous workDon Quixote
61%
Famous Emily Dickinson line: Because I could not stop for _____
he kindly stopped for me
Death
57%
Ill-fated wife of OthelloDesdemona
47%
Trilogy about factions Dauntless, Amity, Candor, Erudite, and AbnegationDivergent
41%
The events at the end of a story after the conflict has been resolvedDénouement
26%
Fantasy western series written by Stephen KingDark Tower, The
25%
Book of short stories by Boccaccio, told during the era of the Black DeathDecameron, the
23%

Score Distribution

Percentile by Number Answered

Percent of People with Each Score

Your Score History

You have not taken this quiz